KOHA-Header-6

CMMI:Guidelines for Process Integration and product Improvement (Record no. 6416)

000 -LEADER
fixed length control field 00303nam a2200109Ia 4500
100 ## - MAIN ENTRY--AUTHOR NAME
Personal name Chrissis, Mary Beth
245 #0 - TITLE STATEMENT
Title CMMI:Guidelines for Process Integration and product Improvement
260 ## - PUBLICATION, DISTRIBUTION, ETC. (IMPRINT)
Place of publication Asia
Name of publisher McGraw-Hill
Year of publication 2003
300 ## - PHYSICAL DESCRIPTION
Number of Pages 663
942 ## - ADDED ENTRY ELEMENTS (KOHA)
Koha item type Books
Holdings
Withdrawn status Lost status Collection code Permanent Location Current Location Shelving location Date acquired Full call number Accession Number Koha item type
    Computer Science MAJU MAJU   2019-09-07 005.5 2297 Computer Science

Powered by Koha